<?xml version="1.0" encoding="UTF-8"?>
<record
    xmlns:xsi="http://www.w3.org/2001/XMLSchema-instance"
    xsi:schemaLocation="http://www.loc.gov/MARC21/slim http://www.loc.gov/standards/marcxml/schema/MARC21slim.xsd"
    xmlns="http://www.loc.gov/MARC21/slim">

  <leader>00614nam a22001337a 4500</leader>
  <datafield tag="040" ind1=" " ind2=" ">
    <subfield code="c">RUA</subfield>
  </datafield>
  <datafield tag="082" ind1=" " ind2=" ">
    <subfield code="a">AGR TRY 1999 B023 Or.1</subfield>
  </datafield>
  <datafield tag="100" ind1=" " ind2=" ">
    <subfield code="a">TRY, RITHEA.</subfield>
  </datafield>
  <datafield tag="245" ind1=" " ind2=" ">
    <subfield code="a">Field screening rice varities for resistance to gall midge &#x1796;&#x17B7;&#x179F;&#x17C4;&#x1792;&#x1793;&#x17CD;&#x178F;&#x17B6;&#x1798;&#x178A;&#x17B6;&#x1793;&#x179A;&#x1780;&#x1796;&#x17BC;&#x1787;&#x179F;&#x17D2;&#x179A;&#x17BB;&#x179C;&#x1792;&#x1793;&#x17CB;&#x1793;&#x17BA;&#x1784;&#x1780;&#x17B6;&#x179A;&#x1794;&#x17C6;&#x1795;&#x17D2;&#x179B;&#x17B6;&#x1789;&#x179A;&#x1794;&#x179F;&#x17CB;&#x1798;&#x17BC;&#x179F;&#x1795;&#x17D2;&#x179B;&#x17BB;&#x1784;&#x1780;&#x17D2;&#x1793;&#x17BB;&#x1784;&#x179B;&#x17D0;&#x1780;&#x17D2;&#x1781;&#x1781;&#x178E;&#x17D2;&#x178C;&#x17D0;&#x179F;&#x17D2;&#x179A;&#x17C2;</subfield>
  </datafield>
  <datafield tag="260" ind1=" " ind2=" ">
    <subfield code="a">Phonm Penh</subfield>
    <subfield code="b">RUA</subfield>
    <subfield code="c">2001</subfield>
  </datafield>
  <datafield tag="300" ind1=" " ind2=" ">
    <subfield code="a">46p.</subfield>
    <subfield code="b">ill</subfield>
    <subfield code="c">29cm</subfield>
  </datafield>
  <datafield tag="856" ind1=" " ind2=" ">
    <subfield code="u">https://drive.google.com/file/d/1o8xwSSk1T6wxFOCViZ_z_VBptCnH3PW3/view?usp=sharing</subfield>
  </datafield>
  <datafield tag="942" ind1=" " ind2=" ">
    <subfield code="c">AGR</subfield>
  </datafield>
  <datafield tag="999" ind1=" " ind2=" ">
    <subfield code="c">404</subfield>
    <subfield code="d">404</subfield>
  </datafield>
  <datafield tag="952" ind1=" " ind2=" ">
    <subfield code="0">0</subfield>
    <subfield code="1">0</subfield>
    <subfield code="2">ddc</subfield>
    <subfield code="4">0</subfield>
    <subfield code="6">AGR_TRY_1999_000000000000000_B023_OR_1</subfield>
    <subfield code="7">0</subfield>
    <subfield code="9">1844</subfield>
    <subfield code="a">LBB</subfield>
    <subfield code="b">LBB</subfield>
    <subfield code="d">2015-09-14</subfield>
    <subfield code="o">AGR TRY 1999 B023 Or.1</subfield>
    <subfield code="p">RUA002745</subfield>
    <subfield code="r">2015-09-14</subfield>
    <subfield code="w">2015-09-14</subfield>
    <subfield code="y">AGR</subfield>
  </datafield>
  <datafield tag="952" ind1=" " ind2=" ">
    <subfield code="0">0</subfield>
    <subfield code="1">0</subfield>
    <subfield code="2">ddc</subfield>
    <subfield code="4">0</subfield>
    <subfield code="6">AGR_TRY_1999_000000000000000_B023_OR_2</subfield>
    <subfield code="7">0</subfield>
    <subfield code="9">1845</subfield>
    <subfield code="a">LBB</subfield>
    <subfield code="b">LBB</subfield>
    <subfield code="d">2015-09-14</subfield>
    <subfield code="o">AGR TRY 1999 B023 Or.2</subfield>
    <subfield code="p">RUA002817</subfield>
    <subfield code="r">2015-09-14</subfield>
    <subfield code="w">2015-09-14</subfield>
    <subfield code="y">AGR</subfield>
  </datafield>
  <datafield tag="952" ind1=" " ind2=" ">
    <subfield code="0">0</subfield>
    <subfield code="1">0</subfield>
    <subfield code="2">ddc</subfield>
    <subfield code="4">0</subfield>
    <subfield code="6">AGR_TRY_1999_000000000000000_B023_OR_3</subfield>
    <subfield code="7">0</subfield>
    <subfield code="9">1846</subfield>
    <subfield code="a">LBB</subfield>
    <subfield code="b">LBB</subfield>
    <subfield code="d">2015-09-14</subfield>
    <subfield code="o">AGR TRY 1999 B023 Or.3</subfield>
    <subfield code="p">RUA002673</subfield>
    <subfield code="r">2015-09-14</subfield>
    <subfield code="w">2015-09-14</subfield>
    <subfield code="y">AGR</subfield>
  </datafield>
  <datafield tag="952" ind1=" " ind2=" ">
    <subfield code="0">0</subfield>
    <subfield code="1">0</subfield>
    <subfield code="2">ddc</subfield>
    <subfield code="4">0</subfield>
    <subfield code="6">AGR_TRY_1999_000000000000000_B023_OR_4</subfield>
    <subfield code="7">0</subfield>
    <subfield code="9">1847</subfield>
    <subfield code="a">LBB</subfield>
    <subfield code="b">LBB</subfield>
    <subfield code="d">2015-09-14</subfield>
    <subfield code="o">AGR TRY 1999 B023 Or.4</subfield>
    <subfield code="p">RUA002601</subfield>
    <subfield code="r">2015-09-14</subfield>
    <subfield code="w">2015-09-14</subfield>
    <subfield code="y">AGR</subfield>
  </datafield>
  <datafield tag="952" ind1=" " ind2=" ">
    <subfield code="0">0</subfield>
    <subfield code="1">0</subfield>
    <subfield code="2">ddc</subfield>
    <subfield code="4">0</subfield>
    <subfield code="6">AGR_TRY_1999_000000000000000_B023_OR_5</subfield>
    <subfield code="7">0</subfield>
    <subfield code="9">1848</subfield>
    <subfield code="a">LBB</subfield>
    <subfield code="b">LBB</subfield>
    <subfield code="d">2015-09-14</subfield>
    <subfield code="o">AGR TRY 1999 B023 Or.5</subfield>
    <subfield code="p">RUA002529</subfield>
    <subfield code="r">2015-09-14</subfield>
    <subfield code="w">2015-09-14</subfield>
    <subfield code="y">AGR</subfield>
  </datafield>
  <datafield tag="952" ind1=" " ind2=" ">
    <subfield code="0">0</subfield>
    <subfield code="1">0</subfield>
    <subfield code="2">ddc</subfield>
    <subfield code="4">0</subfield>
    <subfield code="6">AGR_TRY_1999_000000000000000_B023_OR_6</subfield>
    <subfield code="7">0</subfield>
    <subfield code="9">1849</subfield>
    <subfield code="a">LBB</subfield>
    <subfield code="b">LBB</subfield>
    <subfield code="d">2015-09-14</subfield>
    <subfield code="o">AGR TRY 1999 B023 Or.6</subfield>
    <subfield code="p">RUA002955</subfield>
    <subfield code="r">2015-09-14</subfield>
    <subfield code="w">2015-09-14</subfield>
    <subfield code="y">AGR</subfield>
  </datafield>
  <datafield tag="952" ind1=" " ind2=" ">
    <subfield code="0">0</subfield>
    <subfield code="1">0</subfield>
    <subfield code="2">ddc</subfield>
    <subfield code="4">0</subfield>
    <subfield code="6">AGR_TRY_1999_000000000000000_B023_OR_7</subfield>
    <subfield code="7">0</subfield>
    <subfield code="9">1850</subfield>
    <subfield code="a">LBB</subfield>
    <subfield code="b">LBB</subfield>
    <subfield code="d">2015-09-14</subfield>
    <subfield code="l">1</subfield>
    <subfield code="o">AGR TRY 1999 B023 Or.7</subfield>
    <subfield code="p">RUA002256</subfield>
    <subfield code="r">2019-07-17</subfield>
    <subfield code="s">2019-07-01</subfield>
    <subfield code="w">2015-09-14</subfield>
    <subfield code="y">AGR</subfield>
  </datafield>
  <datafield tag="952" ind1=" " ind2=" ">
    <subfield code="0">0</subfield>
    <subfield code="1">0</subfield>
    <subfield code="2">ddc</subfield>
    <subfield code="4">0</subfield>
    <subfield code="6">AGR_TRY_1999_000000000000000_B023_OR_8</subfield>
    <subfield code="7">0</subfield>
    <subfield code="9">1851</subfield>
    <subfield code="a">LBB</subfield>
    <subfield code="b">LBB</subfield>
    <subfield code="d">2015-09-14</subfield>
    <subfield code="o">AGR TRY 1999 B023 Or.8</subfield>
    <subfield code="p">RUA002184</subfield>
    <subfield code="r">2015-09-14</subfield>
    <subfield code="w">2015-09-14</subfield>
    <subfield code="y">AGR</subfield>
  </datafield>
  <datafield tag="952" ind1=" " ind2=" ">
    <subfield code="0">0</subfield>
    <subfield code="1">0</subfield>
    <subfield code="2">ddc</subfield>
    <subfield code="4">0</subfield>
    <subfield code="6">AGR_TRY_1999_000000000000000_B023_OR_9</subfield>
    <subfield code="7">0</subfield>
    <subfield code="9">1852</subfield>
    <subfield code="a">LBB</subfield>
    <subfield code="b">LBB</subfield>
    <subfield code="d">2015-09-14</subfield>
    <subfield code="o">AGR TRY 1999 B023 Or.9</subfield>
    <subfield code="p">RUA002112</subfield>
    <subfield code="r">2015-09-14</subfield>
    <subfield code="w">2015-09-14</subfield>
    <subfield code="y">AGR</subfield>
  </datafield>
</record>
